000 00647nam a22002177a 4500
003 0
005 20251029153702.0
008 251029b xxu||||| |||| 00| 0 eng d
020 _a978-1-83659-051-4
050 _aP 90
_b.R36 2025
100 _aRamirez, Austin,
_eauthor.
245 _aMass media and communication /
_cAustin Ramirez.
260 _aLondon, UK :
_bED-Tech Press,
_c2025.
300 _avii, 260 pages ;
_c26 cm.
504 _aIncludes bibliographical references and index.
650 _aMass media.
650 _aCommunication.
650 _aMass media
_xSocial aspects.
650 _aMass media
_xInfluence.
942 _2lcc
_cBK
999 _c368412
_d368412